| 000 | 00887cam a2200301 a 4500 | ||
|---|---|---|---|
| 001 | 1037241 | ||
| 003 | ARRUPE | ||
| 005 | 20150129164215.0 | ||
| 008 | 911009c19771976caua b 001 0 eng d | ||
| 010 | _a 73076096 | ||
| 020 | _a0520031741 | ||
| 035 | _a(OCoLC)3107669 | ||
| 035 | _a(OCoLC)ocm03107669 | ||
| 035 | _a(CStRLIN)NYCG91-B87796 | ||
| 035 | _a(NNC)1037241 | ||
| 040 |
_aPU _cPU |
||
| 050 | _aOC 173.59.S65.S55 | ||
| 100 | 1 |
_aSklar, Lawrence. _910469 |
|
| 245 | 1 | 0 |
_aSpace, time, and spacetime / _cLawrence Sklar. |
| 250 | _a1st paperback ed. | ||
| 260 |
_aBerkeley : _bUniversity of California Press, _c1977 |
||
| 300 |
_axii, 423 p. : _bill. _c24 cm. |
||
| 500 | _aPreface for the paperback edition dated 1976. | ||
| 504 | _aIncludes bibliographical references and index. | ||
| 650 | 0 |
_aSpace and time. _92213 |
|
| 942 |
_2lcc _cMONOGRAPH |
||
| 999 |
_c121668 _d121668 |
||